00403nam a22001337a 4500003000400000020001800004082001700022100003200039245007600071260007700147300000900224440002400233546001200257OSt a0-89629-111-1 aIFPRI/RR.108 aBouis, Howarth E [et.al...] aGender equality and investments in adolescents in the rural Philippines aWashington, D. C.:bInternational food policy research institute,cc1998 a66p. aResearch report:108 aEnglish